Catálogo

MATRIMONIO FAMILIA Y SEXUALIDAD : (Registro nro. 12612)

Detalles MARC
000 -LEADER
fixed length control field 00441nam a2200157 a 4500
001 - CONTROL NUMBER
control field 12612
005 - DATE AND TIME OF LATEST TRANSACTION
control field 20180713200906.0
008 - FIXED-LENGTH DATA ELEMENTS--GENERAL INFORMATION
fixed length control field 140415s1994 000 0 spa d
020 ## - INTERNATIONAL STANDARD BOOK NUMBER
International Standard Book Number 9706120165
041 ## - LANGUAGE CODE
Language code of text/sound track or separate title spa
082 ## - DEWEY DECIMAL CLASSIFICATION NUMBER
Classification number 306.8
Item number MAT
245 00 - TITLE STATEMENT
Title MATRIMONIO FAMILIA Y SEXUALIDAD :
Remainder of title DOCTRINA ACTUAL DE LA IGLESIA
260 ## - PUBLICATION, DISTRIBUTION, ETC.
Place of publication, distribution, etc. [s.l.] :
Name of publisher, distributor, etc. PAULINAS,
Date of publication, distribution, etc. 1994
300 ## - PHYSICAL DESCRIPTION
Extent 838
650 14 - SUBJECT ADDED ENTRY--TOPICAL TERM
Topical term or geographic name entry element FAMILIA
General subdivision MATRIMONIO
-- SEXUALIDAD
Existencias
Withdrawn status Lost status Source of classification or shelving scheme Damaged status Not for loan Collection code Home library Current library Shelving location Date acquired Source of acquisition Inventory number Total Checkouts Full call number Barcode Date last seen Date last checked out Price effective from Koha item type
    Dewey Decimal Classification     General Biblioteca Karol Wojtyla Biblioteca Karol Wojtyla Sala general 03/12/2013 Compra 151000000000000000053295 1 306.8 MAT 28981 05/01/2026 10/10/2019 03/12/2013 Libro
    Dewey Decimal Classification     General Biblioteca Karol Wojtyla Biblioteca Karol Wojtyla Sala general 03/12/2013 Compra 151000000000000000053296   306.8 MAT 36179 05/01/2026   03/12/2013 Libro